Online
Catalog
Normal view MARC view

Entry Nombre personal

Number of records used in: 6

001 - NÚMERO DE CONTROL

  • campo de control: 1853

003 - IDENTIFICADOR DEL NÚMERO DE CONTROL

  • campo de control: BNPHU

005 - FECHA Y HORA DE LA ÚLTIMA TRANSACCIÓN

  • campo de control: 20250218104215.0

008 - DATOS DE LONGITUD FIJA

  • campo de control de longitud fija: 200615|| aca||aabn | a|a d

010 ## - NÚMERO DE CONTROL DE LA BIBLIOTECA DEL CONGRESO

  • Número de control de LC: no2008001651

040 ## - FUENTE DE LA CATALOGACIÓN

  • Centro catalogador/agencia de origen: DO-SdBNPH
  • Lengua de catalogación: spa
  • Centro/agencia transcriptor: BNPHU
  • Normas de descripción: rda

100 1# - ENCABEZAMIENTO-NOMBRE DE PERSONA

  • Nombre de persona: Martínez, Cristian

370 ## - LUGAR ASOCIADO

  • Lugar de nacimiento: Santo Domingo (República Dominicana)
  • País asociado: República Dominicana

372 ## - CAMPO DE ACTIVIDAD

  • Campo de actividad: Arquitectura
  • Campo de actividad: Pintura
  • Campo de actividad: Escultura
  • Campo de actividad: Teatros - Escenografía y decorados

374 ## - OCUPACIÓN

  • Ocupación: Arquitectura
  • Ocupación: Pintura

375 ## - GÉNERO/SEXO

  • Género/Sexo: Masculino

377 ## - LENGUA/LENGUAJE ASOCIADO

  • Código del idioma: spa
  • Término de lengua/lenguaje: Español

400 1# - TRAZADO DE VÉASE--NOMBRE DE PERSONA

  • Nombre de persona: Martínez, Cristian,
  • Títulos y otros términos asociados al nombre: arquitecto
  • Subcampo de control: nnea

400 1# - TRAZADO DE VÉASE--NOMBRE DE PERSONA

  • Nombre de persona: Crismar,
  • Títulos y otros términos asociados al nombre: arquitecto

400 1# - TRAZADO DE VÉASE--NOMBRE DE PERSONA

  • Nombre de persona: Crismar
  • Títulos y otros términos asociados al nombre: (Arquitecto)

400 1# - TRAZADO DE VÉASE--NOMBRE DE PERSONA

  • Nombre de persona: Martínez Villanueva, Cristian
  • Títulos y otros términos asociados al nombre: (Arquitecto)

400 1# - TRAZADO DE VÉASE--NOMBRE DE PERSONA

  • Nombre de persona: Villanueva, Cristian Martínez
  • Títulos y otros términos asociados al nombre: (Arquitecto)

670 ## - FUENTE DE DATOS ENCONTRADOS

  • Cita de la fuente: Work cat.: (OSt)559: Martínez, Cristian, Tureiro :, 2007.

670 ## - FUENTE DE DATOS ENCONTRADOS

  • Identificador Uniforme del Recurso: https://authorities.loc.gov/cgi-bin/Pwebrecon.cgi?AuthRecID=7393411&v1=1&HC=1&SEQ=20250218103401&PID=HWhPBF-zEaX5_rCWLAWq2gllqdOB Consultado en 18 de febrero, 2025

Powered by Koha